000 00275nam a2200121 i 4500
001 bg
245 0 _aWybrane zagadnienia przechowywania towarów.
260 _aPoznań,
_c1976.
040 _cBPK
041 _apol
942 _cKS
008 s pl f |000 0 pol
999 _c17234
_d17234
856 _uhttp://koha.tu.koszalin.pl/cgi-bin/koha/opac-detail.pl?biblionumber=17234
_yKatalog online BPK